00657 2200253 4500001002100000005001700021008004100038020001800079035002400097040001200121082001000133090001900143090001900162100001900181245003900200250001100239260003600250300003000286500002900316650001200345850001200357990001500369990001900384YOGYA-0209000002988420090227024430.0 ind  a979-661-006-X 0010-020900000029884 aYOPDYOG a635.5 aT 635.5bPit K aT 635.8bPit K aPITOYO, Setiyo aKemangi dan selasihcSetijo Petoyo aCet. 1 aUngaranbTrubus Agriwidyac1996 aviii, 48 hlmbilusc21 cm aBibliografi : hlm. 46-47 aKemangi aYOPDYOG a00B0001663 a114341-P/98a1